<?xml version="1.0" encoding="UTF-8"?>
<record
    xmlns:xsi="http://www.w3.org/2001/XMLSchema-instance"
    xsi:schemaLocation="http://www.loc.gov/MARC21/slim http://www.loc.gov/standards/marcxml/schema/MARC21slim.xsd"
    xmlns="http://www.loc.gov/MARC21/slim">

  <leader>02961cam a2200373 i 4500</leader>
  <controlfield tag="003">CSPC</controlfield>
  <controlfield tag="005">20230912111626.0</controlfield>
  <controlfield tag="008">230912s2021    maua     b    001 0 eng  </controlfield>
  <datafield tag="010" ind1=" " ind2=" ">
    <subfield code="a">  2020020982</subfield>
  </datafield>
  <datafield tag="020" ind1=" " ind2=" ">
    <subfield code="a">9781284199994</subfield>
    <subfield code="q">(paperback)</subfield>
  </datafield>
  <datafield tag="040" ind1=" " ind2=" ">
    <subfield code="a">DNLM/DLC</subfield>
    <subfield code="b">eng</subfield>
    <subfield code="c">DLC</subfield>
    <subfield code="e">rda</subfield>
    <subfield code="d">DLC</subfield>
    <subfield code="d">CSPC</subfield>
  </datafield>
  <datafield tag="042" ind1=" " ind2=" ">
    <subfield code="a">pcc</subfield>
  </datafield>
  <datafield tag="050" ind1="0" ind2="0">
    <subfield code="a">RC49</subfield>
    <subfield code="b">.S368 2021</subfield>
  </datafield>
  <datafield tag="060" ind1="1" ind2="0">
    <subfield code="a">WM 172.4</subfield>
  </datafield>
  <datafield tag="082" ind1="0" ind2="0">
    <subfield code="a">616.08</subfield>
    <subfield code="b">Se19m</subfield>
    <subfield code="2">23</subfield>
  </datafield>
  <datafield tag="100" ind1="1" ind2=" ">
    <subfield code="a">Seaward, Brian Luke,</subfield>
    <subfield code="e">author.</subfield>
  </datafield>
  <datafield tag="245" ind1="1" ind2="0">
    <subfield code="a">Managing stress :</subfield>
    <subfield code="b">skills for self-care, personal resiliency, and work-life balance in a rapidly changing world /</subfield>
    <subfield code="c">Brian Luke Seaward.</subfield>
  </datafield>
  <datafield tag="250" ind1=" " ind2=" ">
    <subfield code="a">Tenth edition.</subfield>
  </datafield>
  <datafield tag="264" ind1=" " ind2="1">
    <subfield code="a">Burlington, Massachusetts :</subfield>
    <subfield code="b">Jones &amp; Bartlett Learning,</subfield>
    <subfield code="c">2022.</subfield>
  </datafield>
  <datafield tag="300" ind1=" " ind2=" ">
    <subfield code="a">xxix, 634 pages :</subfield>
    <subfield code="b">color illustrations ;</subfield>
    <subfield code="c">28 cm.</subfield>
  </datafield>
  <datafield tag="336" ind1=" " ind2=" ">
    <subfield code="a">text</subfield>
    <subfield code="b">txt</subfield>
    <subfield code="2">rdacontent</subfield>
  </datafield>
  <datafield tag="337" ind1=" " ind2=" ">
    <subfield code="a">unmediated</subfield>
    <subfield code="b">n</subfield>
    <subfield code="2">rdamedia</subfield>
  </datafield>
  <datafield tag="338" ind1=" " ind2=" ">
    <subfield code="a">volume</subfield>
    <subfield code="b">nc</subfield>
    <subfield code="2">rdacarrier</subfield>
  </datafield>
  <datafield tag="504" ind1=" " ind2=" ">
    <subfield code="a">Includes bibliographical references and index.</subfield>
  </datafield>
  <datafield tag="505" ind1="0" ind2=" ">
    <subfield code="a">The nature of stress -- The sociology of stress -- The physiology of stress -- Stress and disease -- Toward a physiology of stress -- The stress emotions: anger, fear, and joy -- Stress-prone and stress-resistant personality traits -- Stress and human spirituality -- Cognitive restructuring: reframing -- Healthy boundaries: behavior modification -- Journal writing -- Expressive art therapy -- Humor therapy (comic relief) -- Creative problem solving -- Communication skills in the digital age -- Resource management: managing time and money -- Additional coping techniques -- Diaphragmatic breathing -- Meditation and mindfulness -- Hatha yoga -- Mental imagery and visualization -- Music therapy -- Massage therapy -- T'ai Chi ch'uan -- Progressive muscular relaxation -- Autogenic training and clinical biofeedback -- Physical exercise, nutrition, and stress -- Ecotherapy: the healing power of nature.</subfield>
  </datafield>
  <datafield tag="520" ind1=" " ind2=" ">
    <subfield code="a">"Managing Stress with Navigate 2 Advantage Access provides a modern, comprehensive approach to stress management, honoring the balance and harmony of the mind, body, spirit, and emotions. Referred to as the "authority on stress management" by students and professionals, this book equips students with the tools needed to identify and manage stress while teaching them how to strive for health and balance. The holistic approach taken by internationally acclaimed lecturer and author Brian Luke Seaward gently guides the reader to greater levels of mental, emotional, physical, and spiritual well-being by emphasizing the importance of mind-body-spirit unity"--</subfield>
    <subfield code="c">Provided by publisher.</subfield>
  </datafield>
  <datafield tag="650" ind1="1" ind2="2">
    <subfield code="a">Stress, Psychological</subfield>
    <subfield code="x">psychology</subfield>
  </datafield>
  <datafield tag="650" ind1="1" ind2="2">
    <subfield code="a">Stress, Psychological</subfield>
    <subfield code="x">prevention &amp; control</subfield>
  </datafield>
  <datafield tag="650" ind1="2" ind2="2">
    <subfield code="a">Adaptation, Psychological</subfield>
  </datafield>
  <datafield tag="650" ind1="2" ind2="2">
    <subfield code="a">Mind-Body Therapies</subfield>
    <subfield code="x">methods</subfield>
  </datafield>
  <datafield tag="650" ind1="2" ind2="2">
    <subfield code="a">Holistic Health</subfield>
  </datafield>
  <datafield tag="942" ind1=" " ind2=" ">
    <subfield code="2">ddc</subfield>
    <subfield code="c">BK</subfield>
    <subfield code="h">616.08</subfield>
    <subfield code="i">Se19m</subfield>
    <subfield code="k">GRD</subfield>
    <subfield code="m">2022</subfield>
    <subfield code="n">0</subfield>
  </datafield>
  <datafield tag="952" ind1=" " ind2=" ">
    <subfield code="0">0</subfield>
    <subfield code="1">0</subfield>
    <subfield code="2">ddc</subfield>
    <subfield code="4">0</subfield>
    <subfield code="7">0</subfield>
    <subfield code="a">CSPC</subfield>
    <subfield code="b">CSPC</subfield>
    <subfield code="c">GRD</subfield>
    <subfield code="d">2023-09-12</subfield>
    <subfield code="l">3</subfield>
    <subfield code="o">GRD 616.08 Se19m 2022</subfield>
    <subfield code="p">025823</subfield>
    <subfield code="r">2025-04-11 11:44:33</subfield>
    <subfield code="s">2025-04-03</subfield>
    <subfield code="t">1-2</subfield>
    <subfield code="w">2023-09-12</subfield>
    <subfield code="y">BK</subfield>
  </datafield>
  <datafield tag="952" ind1=" " ind2=" ">
    <subfield code="0">0</subfield>
    <subfield code="1">0</subfield>
    <subfield code="2">ddc</subfield>
    <subfield code="4">0</subfield>
    <subfield code="7">0</subfield>
    <subfield code="a">CSPC</subfield>
    <subfield code="b">CSPC</subfield>
    <subfield code="c">GRD</subfield>
    <subfield code="d">2023-09-12</subfield>
    <subfield code="l">0</subfield>
    <subfield code="o">GRD 616.08 Se19m 2022</subfield>
    <subfield code="p">025824</subfield>
    <subfield code="r">2023-09-12 00:00:00</subfield>
    <subfield code="t">2-2</subfield>
    <subfield code="w">2023-09-12</subfield>
    <subfield code="y">BK</subfield>
  </datafield>
  <datafield tag="999" ind1=" " ind2=" ">
    <subfield code="c">26084</subfield>
    <subfield code="d">26084</subfield>
  </datafield>
</record>
